America, Their America (Record no. 4699)

MARC details
000 -LEADER
fixed length control field 00555nam a22001577a 4500
008 - FIXED-LENGTH DATA ELEMENTS--GENERAL INFORMATION
fixed length control field 260424b |||||||| |||| 00| 0 eng d
020 ## - INTERNATIONAL STANDARD BOOK NUMBER
ISBN 0435900501
100 ## - MAIN ENTRY--AUTHOR
Author J. P. Clark-Bekederemo
245 ## - TITLE STATEMENT
Title America, Their America
260 ## - PUBLICATION, DISTRIBUTION, ETC. (IMPRINT)
Place of publication London
Name of publisher Heinemann Educational in association with Andre Deutsch
Date of publication 1964
300 ## - COLLATION
Pagination 224 pages
650 ## - TRACINGS
Main Subject History of the Americas
Subdivision (1st) United States history & general description
Subdivision (2nd) United States—Civilization, social life and customs (general work)
942 ## - ADDED ENTRY ELEMENTS (KOHA)
Item type Books
050 ## - LIBRARY OF CONGRESS CALL NUMBER
Classification number E169.1
Item number .C53
Holdings
Source of classification or shelving scheme Not for loan Permanent location Current location Date acquired Accession No. Full call number Barcode. Copy number Koha item type
Dewey Decimal Classification   Samuel Ogbemudia Main Library, University of Abuja Samuel Ogbemudia Main Library, University of Abuja 04/24/2026 2026/71865–67 E169.1 .C53 2026-0193 3 Books